| 000 | 00703nam a2200217 a 4500 | ||
|---|---|---|---|
| 005 | 20231024063708.0 | ||
| 008 | 060529s2004 ag r 000 0 spa d | ||
| 020 | _a9871105789 | ||
| 035 | _aUPN01000144848 | ||
| 049 | _aCG | ||
| 050 | 4 |
_aDD256.5 _bK4.2 |
|
| 100 | 1 |
_aKershaw, Ian, _d1943- _933431 |
|
| 245 | 1 | 3 |
_aLa dictadura Nazi : _bproblemas y perspectivas de interpretación / _cIan Kershaw ; tr. Julio Sierra. |
| 260 |
_aBuenos Aires : _bSiglo XXI, _c2004. |
||
| 300 | _a438 p. | ||
| 440 | 0 | _aHistoria y cultura | |
| 534 |
_pTÃtulo original: _tThe Nazi dictatorship |
||
| 651 | 4 |
_aALEMANIA - _xPOLITICA Y GOBIERNO - _y1933-1945 _912988 |
|
| 650 | 4 |
_aNacionalsocialismo _97408 |
|
| 905 | _aLibro | ||
| 999 |
_c116995 _d116995 |
||